Ciencia y tecnología en la Argentina contemporánea : sistemas de financiamiento, el rol de las principales instituciones científicas y mecanismos de evaluación (1983-2021) /

Detalles Bibliográficos
Autor principal: Aguiar, Diego (Autor, Editor)
Formato: Electrónico eBook
Lenguaje:español
Publicado: Río Negro, Argentina : Editorial UNRN, 2025.
Colección:Aperturas. Serie Sociales.
Materias:
Acceso en línea:Digitalia Hispánica

MARC

LEADER 00000nam a2200000Ii 4500
001 DIGEDUNRN0047
003 NyNyDIG
006 m o d
007 cr |||||||||||
008 250516s2025 ag a ob 000 0 spa d
035 |a (OCoLC)1515376282 
040 |a DGITA  |b eng  |e rda  |e pn  |c DGITA 
020 |a 9789878258850  |q eBook 
020 |z 9789878258591 
043 |a s-ag--- 
050 1 4 |a Q127.A7 ebook 
245 0 0 |a Ciencia y tecnología en la Argentina contemporánea :  |b sistemas de financiamiento, el rol de las principales instituciones científicas y mecanismos de evaluación (1983-2021) /  |c compiladores, Diego Aguiar [and 3 others] ; Diego Aguiar [and 9 others]. 
264 1 |a Río Negro, Argentina :  |b Editorial UNRN,  |c 2025. 
300 |a 1 online resource :  |b illustrations. 
336 |a text  |b txt  |2 rdacontent 
337 |a computer  |b c  |2 rdamedia 
338 |a online resource  |b cr  |2 rdacarrier 
347 |a text file  |2 rdaft 
347 |b PDF 
490 1 |a Aperturas. Serie Sociales 
504 |a Includes bibliographical references. 
588 0 |a Online resource; title from PDF title page (Digitalia, viewed May 16, 2025) 
650 0 |a Science and state  |z Argentina. 
650 0 |a Universities and colleges  |z Argentina. 
650 0 |a Technology and state  |z Argentina. 
651 0 |a Argentina  |x Politics and government  |y 1983- 
700 1 |a Aguiar, Diego,  |e editor,  |e author. 
776 0 8 |i Print version:  |t Ciencia y tecnología en la Argentina contemporánea.  |d Río Negro, Argentina : Editorial UNRN, 220250  |z 9789878258591 
791 2 |a Digitalia (Firm),  |e distributor. 
793 0 |g Digitalia eBook Collection:  |a Editorial UNRN 
830 0 |a Aperturas.  |p Serie Sociales. 
856 4 0 |3 Digitalia Hispánica  |u https://www.digitaliapublishing.com/a/173237/ 
910 |a Premium collection: 2025